[Event "AUTO-OPEN-736"]
[Site "http://www.queenalice.com/game.php?id=238402"]
[Date "2007.7.11"]
[Round "1"]
[White "QuickQuickSlow"]
[Black "araujoime"]
[Result "1-0"]
[WhiteElo "2176"]
[BlackElo "1623"]

1. d4 Nf6 2. Nf3 e6 3. g3 Bd6 4. Bg2 O-O 5. O-O c5 6. Bg5 cxd4 7. Nxd4 h6 8.
Bxf6 Qxf6 9. e3 e5 10. Nb5 Na6 11. Qxd6 Qxd6 12. Nxd6 b6 13. Bxa8 Nc7 14. Bg2
Ba6 15. Rd1 Ne6 16. Nc3 Nc5 17. b4 Nb7 18. Bxb7 Bxb7 19. Nxb7 d5 20. Nxd5 Rb8
21. Nd6 Rd8 22. Nc3 g6 23. Nde4 Rf8 24. Rd7 h5 25. Ng5 a5 26. bxa5 bxa5 27. Rb1
Kg7 28. Rbb7 Kf6 29. Nce4+ Kf5 30. Rxf7+ Rxf7 31. Rxf7+ Kg4 32. h3# 1-0

[Event "AUTO-OPEN-736"]
[Site "http://www.queenalice.com/game.php?id=238403"]
[Date "2007.7.11"]
[Round "1"]
[White "araujoime"]
[Black "QuickQuickSlow"]
[Result "0-1"]
[WhiteElo "1625"]
[BlackElo "2121"]

1. Nf3 Nf6 2. e3 d5 3. Bd3 Nc6 4. O-O e5 5. Ne1 e4 6. Bb5 Bd6 7. Bxc6+ bxc6 8.
a3 Bxh2+ 9. Kxh2 Ng4+ 10. Kg3 Qg5 11. f4 Qh5 12. Nf3 exf3 13. Kxf3 Nf6+ 14. g4
Bxg4+ 15. Kf2 Qh2+ 16. Ke1 Qg3+ 17. Rf2 Ne4 18. Qe2 Bxe2 19. Kxe2 Qxf2+ 20. Kd3
Qf1+ 21. Kd4 Qc4+ 22. Ke5 f6+ 23. Kf5 g6+ 24. Kg4 Qe2+ 25. Kh3 Qf2 26. d3 Qg3#
0-1

[Event "AUTO-INT-525"]
[Site "http://www.queenalice.com/game.php?id=238503"]
[Date "2007.7.11"]
[Round "1"]
[White "APRENDIZ001"]
[Black "araujoime"]
[Result "0-1"]
[WhiteElo "1805"]
[BlackElo "1602"]

1. Nf3 Nf6 2. c4 e6 3. g3 Bd6 4. Bg2 O-O 5. Nc3 Na6 6. d3 e5 7. a3 c6 8. O-O Bc5
9. Nxe5 d6 10. Nf3 Qd7 11. Na4 b5 12. Nxc5 Nxc5 13. Nd4 Bb7 14. b3 bxc4 15. bxc4
a5 16. Bg5 Ng4 17. h3 Ne5 18. Rb1 f6 19. Bf4 Ng6 20. Bc1 f5 21. e3 a4 22. Bb2
Nb3 23. Nxb3 axb3 24. Qxb3 Rab8 25. d4 Ba8 26. Qa2 d5 27. c5 Bb7 28. Bc3 Ba6 29.
Rfc1 Bd3 30. Rb6 Bc4 31. Qb2 Qc7 32. Rb1 Bd3 33. Ra1 h5 34. Ba5 Qa7 35. Qc3 Bc4
36. Rab1 Bb5 37. Bf3 h4 38. g4 fxg4 39. Bxg4 Ra8 40. Bb4 Qf7 41. Rb2 Qa7 42. Qc2
Rf6 43. f4 Nf8 44. Be2 Bxe2 45. Qxe2 Rg6+ 46. Kh2 Qc7 47. Qh5 Qd8 48. Ra2 Rg3
49. Rxc6 g6 50. Qe5 Qd7 51. Rg2 Qxh3+ 52. Kg1 Qxg2# 0-1

[Event "AUTO-INT-525"]
[Site "http://www.queenalice.com/game.php?id=238504"]
[Date "2007.7.11"]
[Round "1"]
[White "araujoime"]
[Black "APRENDIZ001"]
[Result "0-1"]
[WhiteElo "1602"]
[BlackElo "1845"]

1. Nf3 Nf6 2. e3 d5 3. Bd3 Nc6 4. O-O e5 5. Bb5 Bg4 6. Qe1 Bxf3 7. Bxc6+ bxc6 8.
gxf3 Bd6 9. d3 O-O 10. f4 Re8 11. f5 e4 12. d4 Ng4 13. h3 Nh2 14. f4 Nxf1 15.
Qxf1 Qf6 16. b3 Qxf5 17. Nc3 Re6 18. Qg2 Rg6 19. Qxg6 Qxg6+ 20. Kf1 Qg3 21. Ne2
Qxh3+ 22. Ke1 c5 23. Ng1 Qg2 24. Ne2 h5 25. dxc5 Bxc5 26. c4 Bb4+ 27. Bd2 Bxd2+
28. Kxd2 Rd8 29. Rg1 Qf2 30. Rh1 g6 31. a4 Rb8 32. Rb1 h4 33. cxd5 h3 34. b4 h2
35. b5 Qg2 36. f5 h1=Q 37. Rxh1 Qxh1 38. fxg6 f6 39. Ng3 Qg2+ 40. Ne2 Kg7 41. a5
Rxb5 42. a6 Rb2+ 43. Ke1 Qxe2# 0-1

[Event "AUTO-INT-525"]
[Site "http://www.queenalice.com/game.php?id=238517"]
[Date "2007.7.11"]
[Round "1"]
[White "ray"]
[Black "araujoime"]
[Result "0-1"]
[WhiteElo "1625"]
[BlackElo "1634"]

1. c4 Nf6 2. Nc3 e5 3. g3 Bd6 4. Bg2 O-O 5. Nf3 Bc5 6. O-O Nc6 7. d3 d6 8. Ng5
h6 9. Nge4 a6 10. Na4 b5 11. Nac3 Qd7 12. Bd2 bxc4 13. dxc4 Nd4 0-1

[Event "AUTO-INT-525"]
[Site "http://www.queenalice.com/game.php?id=238518"]
[Date "2007.7.11"]
[Round "1"]
[White "araujoime"]
[Black "ray"]
[Result "0-1"]
[WhiteElo "1621"]
[BlackElo "1547"]

1. Nf3 c5 2. e3 Nc6 3. Bd3 g6 4. O-O Bg7 5. c3 Nf6 6. e4 O-O 7. Qa4 d6 8. b4 Bd7
9. b5 Nb8 10. e5 dxe5 11. Nxe5 Nd5 12. Qb3 Be6 13. c4 Nf4 14. Ba3 Nxd3 15. Nxd3
Bxa1 16. Bxc5 b6 17. Be3 Bg7 18. Na3 Nd7 19. Nf4 Ne5 20. d4 Ng4 21. h3 Nxe3 22.
fxe3 Bf5 23. Ne2 Qd7 0-1

[Event "AUTO-INT-525"]
[Site "http://www.queenalice.com/game.php?id=238525"]
[Date "2007.7.11"]
[Round "1"]
[White "pedroso"]
[Black "araujoime"]
[Result "1-0"]
[WhiteElo "1414"]
[BlackElo "1650"]

1. e4 Nf6 2. Nc3 e6 3. Nf3 Bc5 4. d4 Bb6 5. Bd3 O-O 6. O-O d6 7. e5 Nd5 8. Qe2
Nc6 9. exd6 cxd6 10. Nxd5 exd5 11. c4 dxc4 12. Bxc4 Be6 13. d5 Nd4 14. Qe4 g6
15. Nxd4 Bxd4 16. Qxd4 Bd7 17. b3 b6 18. Bf4 Qh4 19. Rad1 Rae8 20. Bxd6 Re4 21.
Qd2 Rfe8 22. Rde1 Rd4 23. Qc1 Qf6 24. Bb4 a5 25. Bc3 Rde4 26. Bxf6 Rxe1 27. Rxe1
b5 28. Qh6 Rxe1+ 29. Bf1 b4 30. Qg7# 1-0

[Event "AUTO-INT-525"]
[Site "http://www.queenalice.com/game.php?id=238526"]
[Date "2007.7.11"]
[Round "1"]
[White "araujoime"]
[Black "pedroso"]
[Result "0-1"]
[WhiteElo "1626"]
[BlackElo "1436"]

1. Nf3 d5 2. e3 Nc6 3. Bd3 Bg4 4. O-O e5 5. e4 dxe4 6. Bxe4 Nf6 7. d3 Bc5 8.
Bxc6+ bxc6 9. h3 Bxf3 10. Qxf3 O-O 11. Qxc6 Bd6 12. a3 Qd7 13. Qc4 c5 14. g4 a5
15. a4 Bc7 16. g5 Nd5 17. Qh4 Qd6 18. c4 e4 19. f4 Nb4 20. dxe4 Qd4+ 21. Qf2
Qxc4 22. Nd2 Qe6 23. f5 Qe5 24. Re1 Nd3 25. Nc4 Qd4 26. Qxd4 cxd4 27. Rd1 Nxc1
28. Raxc1 Bf4 29. Rc2 Rfd8 30. Rf2 Bxg5 31. Nb6 Rab8 32. Nd5 f6 33. Rxd4 Be3 34.
Nxe3 Rxd4 35. Nc2 Rd1+ 36. Rf1 Rxf1+ 37. Kxf1 Rxb2 38. Ne1 Ra2 39. Nd3 Rxa4 40.
Nf2 Ra1+ 41. Kg2 a4 42. Nd3 a3 43. Nb4 a2 44. Nxa2 Rxa2+ 45. Kf3 h5 46. h4 Ra3+
47. Kf4 Rh3 48. e5 Rxh4+ 49. Kg3 Rg4+ 50. Kf3 fxe5 51. Ke3 h4 52. Kf3 Rg3+ 53.
Ke4 h3 54. Kxe5 h2 55. Kf4 Rg1 56. Kf3 h1=Q+ 57. Kf4 Qd5 58. Ke3 Rg4 59. Kf2 Qd3
60. Ke1 Rg2 61. f6 Qe2# 0-1

[Event "AUTO-INT-1072"]
[Site "http://www.queenalice.com/game.php?id=478255"]
[Date "2008.10.16"]
[Round "1"]
[White "araujoime"]
[Black "sebastiam"]
[Result "1-0"]
[WhiteElo "1594"]
[BlackElo "1535"]

1. e4 e6 2. Qf3 Qf6 3. Nh3 h6 4. Bd3 Qxf3 5. gxf3 Nf6 6. O-O Bc5 7. b3 b5 8.
Bxb5 Bb7 9. Nc3 c6 10. Bd3 d5 11. e5 Nh5 12. Na4 Bd4 13. Rb1 O-O 14. f4 f6 15.
exf6 gxf6 16. c3 Bb6 17. Ba3 Kh8 18. Bxf8 Nd7 19. Bd6 Rg8+ 20. Kh1 d4 21. cxd4
c5+ 22. f3 e5 23. fxe5 cxd4 24. exf6 Ba5 25. f7 Rf8 26. Be5+ Nxe5 27. Bc4 Rg8
28. fxg8=Q# 1-0

[Event "AUTO-INT-1072"]
[Site "http://www.queenalice.com/game.php?id=478256"]
[Date "2008.10.16"]
[Round "1"]
[White "sebastiam"]
[Black "araujoime"]
[Result "0-1"]
[WhiteElo "1518"]
[BlackElo "1597"]

1. c4 e5 2. Nc3 Qf6 3. Qb3 Bc5 4. Nh3 Nh6 5. Nd5 Qd6 6. Qg3 Nf5 7. Qd3 Nh6 8. g4
Nxg4 9. Rg1 h5 10. Ng5 g6 11. Qf3 O-O 12. Nf6+ Nxf6 13. d3 Ng4 14. h3 Nxf2 15.
e3 Nxd3+ 16. Bxd3 Qxd3 17. Rf1 Bb4+ 18. Kf2 Qd6 19. Rd1 Qe7 20. b3 Qxg5 21. e4
Bc5+ 22. Ke2 Qe7 23. Bb2 f5 24. exf5 Rxf5 25. Qg3 Qf7 26. Bxe5 Rxe5+ 27. Kd2
Bb4+ 28. Kc2 Re2+ 29. Kd3 Re6 30. Rf1 Qe7 31. Kc2 Nc6 32. a3 Bd6 33. Qf3 Nd4+
34. Kc3 Nxf3 35. Rxf3 Be5+ 36. Kc2 Bxa1 37. Rf1 Re2+ 38. Kd3 Qe3# 0-1

[Event "AUTO-INT-1072"]
[Site "http://www.queenalice.com/game.php?id=478257"]
[Date "2008.10.16"]
[Round "1"]
[White "araujoime"]
[Black "daga2008"]
[Result "1-0"]
[WhiteElo "1610"]
[BlackElo "1454"]

1. e4 e5 2. Qf3 Nc6 3. Bc4 Nh6 4. Nh3 Nd4 5. Qd1 b5 6. c3 bxc4 7. cxd4 exd4 8.
O-O Bb7 9. a3 c5 10. d3 cxd3 11. Qxd3 Qc8 12. Bxh6 gxh6 13. Nd2 Qc6 14. Nc4 Ba6
15. b3 Rb8 16. Qg3 d6 17. Nxd6+ Bxd6 18. Qg7 Ke7 19. Rfe1 Rxb3 20. Qxh8 Bc7 21.
g3 c4 22. Qxd4 Bb6 23. Qe5+ Qe6 24. Qb8 c3 25. Nf4 Qd7 26. Nd5+ Ke6 27. Nf4+ Ke7
28. Qe5+ Kf8 29. Red1 Qe7 30. Qh8# 1-0

[Event "AUTO-INT-1072"]
[Site "http://www.queenalice.com/game.php?id=478258"]
[Date "2008.10.16"]
[Round "1"]
[White "daga2008"]
[Black "araujoime"]
[Result "1-0"]
[WhiteElo "1467"]
[BlackElo "1620"]

1. e4 e5 2. Qh5 g6 3. Qxe5+ Qe7 4. Qxh8 Nf6 5. d3 Ng4 6. f3 Nf6 7. Bg5 Nc6 8.
Bxf6 Qd6 9. Bg7 h5 10. Nd2 Nb4 11. O-O-O Nxa2+ 12. Kb1 Nb4 13. Nc4 Qe7 14. c3
Nc6 15. Ne5 d6 16. Nxc6 bxc6 17. Nh3 Bxh3 18. gxh3 Kd7 19. h4 Re8 20. Bh3+ Kd8
21. Rhg1 Qxh4 22. Bf6+ Be7 23. Bxh4 Rxh8 24. Bxe7+ Kxe7 25. Rg5 c5 26. d4 cxd4
27. Rxd4 a5 28. Rxa5 Rc8 29. Bxc8 c6 30. Ra7+ Kf8 31. Rxd6 c5 32. Rd8+ Kg7 33.
b4 cxb4 34. c4 b3 35. c5 g5 36. c6 h4 37. c7 Kg6 38. Bf5+ Kf6 39. c8=Q Ke5 40.
Qc5+ Kf4 41. Qc1+ Kxf3 42. Rd3+ 1-0

[Event "AUTO-INT-1072"]
[Site "http://www.queenalice.com/game.php?id=478259"]
[Date "2008.10.16"]
[Round "1"]
[White "araujoime"]
[Black "SacrificioDeRei"]
[Result "0-1"]
[WhiteElo "1609"]
[BlackElo "1632"]

1. e4 e5 2. Qf3 Nc6 3. Bc4 Nf6 4. Nh3 Nd4 5. Qd3 d5 6. O-O dxc4 7. Qxc4 Bxh3 8.
gxh3 Qd7 9. a3 Qxh3 10. Qb5+ Nxb5 11. d3 Ng4 12. Re1 Qxh2+ 13. Kf1 Qxf2# 0-1

[Event "AUTO-INT-1072"]
[Site "http://www.queenalice.com/game.php?id=478260"]
[Date "2008.10.16"]
[Round "1"]
[White "SacrificioDeRei"]
[Black "araujoime"]
[Result "1-0"]
[WhiteElo "1744"]
[BlackElo "1608"]

1. e4 e5 2. Nf3 d6 3. d4 Nh6 4. dxe5 dxe5 5. Qxd8+ Kxd8 6. Bxh6 gxh6 7. Nxe5 f6
8. Nf7+ Ke8 9. Nxh8 Bg7 10. Nc3 Bxh8 11. O-O-O Nc6 12. Bb5 Bg4 13. Bxc6+ Kf8 14.
Bxb7 Rb8 15. f3 Be6 16. Bd5 Bd7 17. Rd2 c6 18. Bb3 h5 19. Rxd7 Ra8 20. Rf7+ Kg8
21. Rxa7+ Kf8 22. Rxa8+ Kg7 23. Rd1 h4 24. Rd7+ Kh6 25. Rxh8 Kg5 26. Rhxh7 Kf4
27. Rxh4+ Ke3 28. Rd2 c5 29. Nd1# 1-0

[Event "Challenge"]
[Site "http://www.queenalice.com/game.php?id=482921"]
[Date "2008.10.25"]
[Round "-"]
[White "araujoime"]
[Black "bazymew"]
[Result "0-1"]
[WhiteElo "1620"]
[BlackElo "1272"]

1. e4 Nc6 2. c3 d5 3. exd5 Qxd5 4. c4 Qe4+ 5. Ne2 e5 6. Nc3 Qxc4 7. b3 Qc5 8.
Na4 Qb4 9. a3 Qd6 10. b4 Nf6 11. Ng3 Qd4 12. Bb2 Bg4 13. f3 Bxf3 14. Bxd4 Bxd1
15. Kxd1 Nxd4 16. Nc5 Bxc5 17. bxc5 Nb3 18. Rb1 Nxc5 19. Nf5 O-O-O 20. Bc4 Nfe4
21. Ke1 Rxd2 22. Nxg7 Rg8 23. Nf5 Rgxg2 24. Bxf7 Nd3+ 25. Kf1 Rdf2# 0-1

[Event "Challenge"]
[Site "http://www.queenalice.com/game.php?id=482922"]
[Date "2008.10.25"]
[Round "-"]
[White "bazymew"]
[Black "araujoime"]
[Result "1-0"]
[WhiteElo "1322"]
[BlackElo "1620"]

1. e4 e5 2. Nf3 Nc6 3. Nc3 Nf6 4. d4 exd4 5. Nxd4 Bc5 6. Be3 O-O 7. Nf5 g6 8.
Nh6+ Kg7 9. Qd2 Bxe3 10. Qxe3 d6 11. f4 Kxh6 12. f5+ Kg7 13. Nd5 Ng4 14. f6+ Kg8
15. Qg5 h6 16. Qh4 Be6 17. Be2 Nd4 18. Bxg4 Nxc2+ 19. Kd1 Nxa1 20. Qxh6 Bxg4+
21. Kc1 c6 22. Ne7+ Qxe7 23. fxe7 Rfe8 24. Qg5 Bh5 25. Re1 f6 26. Qxf6 Rac8 27.
Rf1 d5 28. g4 Bxg4 29. Qxg6+ Kh8 30. Qxg4 dxe4 31. Rf7 Rg8 32. Qh5# 1-0